Central Library, Doon University
WEBOPAC (ONLINE PUBLIC ACCESS CATALOGUE)

Max Horkheimer Theodor W. Adorno Dialektik der Aufklarung (Record no. 60931)

MARC details
000 -LEADER
fixed length control field 00479nam a22001817a 4500
005 - DATE & TIME
control field 20260530154126.0
008 - FIXED-LENGTH DATA ELEMENTS--GENERAL INFORMATION
fixed length control field 260530b |||||||| |||| 00| 0 eng d
020 ## - ISBN
International Standard Book Number 9783110448795
Price 2640.71
040 ## - CATALOGING SOURCE
Original cataloging agency Doon University
041 ## - Language
Language German
082 ## - DDC NUMBER
Classification number 193
Book Number MAX
100 ## - MAIN ENTRY--PERSONAL NAME
Personal name Hindrichs, Gunnar (ed)
245 ## - TITLE STATEMENT
Title Max Horkheimer Theodor W. Adorno Dialektik der Aufklarung
260 ## - PUBLICATION, DISTRIBUTION, ETC. (IMPRINT)
Place of publication, distribution, etc Berlin
Name of publisher, distributor, etc De Gruyter
Date of publication, distribution, etc 2017
300 ## - PHYSICAL DESCRIPTION
Pages 213
650 ## - Subject
Subject German Language
942 ## - ADDED ENTRY ELEMENTS (KOHA)
Koha item type Books
100 ## - MAIN ENTRY--PERSONAL NAME
-- 26953
952 ## - LOCATION AND ITEM INFORMATION (KOHA)
-- 2026-05-30
952 ## - LOCATION AND ITEM INFORMATION (KOHA)
-- 2026-05-30
Holdings
Withdrawn status Lost status Source of classification or shelving scheme Damaged status Not for loan Location (home branch) Sublocation or collection (holding branch) Date acquired Koha full call number Accession No. Koha date last seen Koha item type Koha issues (times borrowed)
        Not For Loan Doon University Doon University 30.05.2026 193 MAX 54077 30.05.2026 Reference  
          Doon University Doon University 30.05.2026 193 MAX 54078 30.05.2026 Books  
Contact : +91-135-2533126 (Library),+91-135-2533105 (Admin Office) , Email : doonlibrary@gmail.com

Powered by Koha